| 000 | 01380nam a22003737a 4500 | ||
|---|---|---|---|
| 003 | CHAP | ||
| 005 | 20220329143510.0 | ||
| 008 | 100222s2009 mx r 00010 spa d | ||
| 010 | _a97575 | ||
| 011 | _a98547 | ||
| 035 | _a109232 | ||
| 040 | _cCHAP | ||
| 090 | _aTesis | ||
| 100 | 1 |
_aLópez Ramírez, Leonel. _968252 |
|
| 245 | 1 | 0 |
_aIndicadores visuales para determinar la madurez fisiológica de frijol (Phaseolus vulgaris L.) _c/por Leonel López Ramírez |
| 260 |
_aChapingo, Méx. : _bEl autor, _c2009 |
||
| 300 |
_av, 33 h. : _bilus., cuadros, gráfs. |
||
| 502 | _aTesis (Ing. Agr. Esp. en Fitotecnia) -- UACH. Departamento de Fitotecnia | ||
| 590 |
_aALEPH _b10 _c20130110 _lUCH01 _h1532 |
||
| 590 |
_aBATCH-UPD _b10 _c20130110 _lUCH01 _h0933 |
||
| 590 |
_aBATCH-UPD _b10 _c20130410 _lUCH01 _h0551 |
||
| 590 |
_aBATCH-UPD _b10 _c20130914 _lUCH01 _h1443 |
||
| 590 |
_aCONVERSION _b10 _c20130109 _lUCH01 _h1354 |
||
| 650 | 1 | 4 |
_aFrijol _xMaduración. _943399 |
| 650 | 1 | 4 |
_aFrijol _xVariedades. _943446 |
| 650 | 1 | 4 |
_aFrijol _zMéxico (Edo.). _943456 |
| 650 | 1 | 4 |
_aIndicadores biológicos. _957561 |
| 650 | 1 | 4 |
_aPhaseolus. _987769 |
| 650 | 1 | 4 |
_aSemillas _xPesos y medidas. _9103923 |
| 901 | _aBK | ||
| 942 | _cFOLL | ||
| 949 |
_aTesis _bBC _cTES _d33724002118710 _eTS1 _gDonaciØn _h50022 _i109232 _sb |
||
| 949 |
_aTesis _bBC _cTES _d33724002118751 _eTS2 _fc.2 _gDonaciØn _h50023 _i109232 _sb |
||
| 999 |
_c97575 _d97575 |
||